|
|
|
|
| LEADER |
00000nab a2200000 a 4500 |
| 001 |
vtls000720540 |
| 003 |
SK-MaSNL |
| 005 |
20260302195102.0 |
| 008 |
180206c2000 xo 0 slo |
| 015 |
|
|
|a SNBRB2000/05-12033
|
| 035 |
|
|
|a CLN000072707
|
| 040 |
|
|
|a SNKBUCL
|b slo
|c SNKBUCL
|e AACR2
|
| 041 |
0 |
|
|a slo
|
| 044 |
|
|
|a xo
|c SK
|
| 080 |
|
|
|a 636.596:631.15
|2 UDC-MRF-SK2
|
| 080 |
|
|
|a 631.15
|2 UDC-MRF-SK2
|
| 100 |
1 |
|
|a Slíž, Kamil
|4 aut
|9 11303
|
| 245 |
1 |
0 |
|a Holubia farma dosiahne zisk až po siedmich rokoch existencie, aj to iba teoreticky
|c Kamil Slíž
|
| 650 |
0 |
7 |
|a holuby
|2 SNKPH
|9 2798
|
| 650 |
0 |
7 |
|a texan (plemeno holubov)
|2 SNKPH
|9 132572
|
| 650 |
0 |
7 |
|a chov holubov
|2 SNKPH
|9 29973
|
| 655 |
|
7 |
|a články z novín a časopisov
|2 snkbucl
|9 267496
|
| 773 |
0 |
|
|t Roľnícke noviny
|g Č. 53 (16.3.2000)
|
| 773 |
0 |
|
|t [Príl.] Agrárne noviny
|g S. 3
|
| 850 |
|
|
|a Slovenská národná knižnica v Martine
|
| 852 |
|
|
|a SNK
|b KIS3GCP
|
| 958 |
|
|
|a RBX
|
| 999 |
|
|
|c 1451239
|d 1453169
|